Mario Kart Double Dash Characters - Statistics

General Stats
  • This quiz has been taken 129 times
  • The average score is 17 of 20
Answer Stats
Weight Class Answer % Correct
Medium Mario
99%
Medium Luigi
98%
Medium Peach
96%
Heavy Bowser
95%
Medium Yoshi
94%
Light Baby Luigi
93%
Light Baby Mario
93%
Medium Daisy
93%
Heavy Donkey Kong
90%
Medium Birdo
89%
Medium Waluigi
89%
Light Diddy Kong
88%
Heavy Wario
88%
Heavy King boo
87%
Light Bowser Jr
84%
Light Toad
83%
Light Toadette
83%
Light Koopa Troopa
81%
Heavy Petey Piranha
75%
Light Paratroopa
51%
No matching quizzes found
Score Distribution
Percent of People with Each Score
Percentile by Number Answered
Your Score History
You have not taken this quiz